[Event "SRB-ch sf"]
[Site "Paracin"]
[Date "2024.02.07"]
[Round "4"]
[White "Cabarkapa, Novak"]
[Black "Djordjevic, Vuk D"]
[Result "1-0"]
[WhiteElo "2434"]
[BlackElo "2367"]
[PlyCount "75"]
[EventDate "2024.02.05"]
[EventType "swiss"]
[EventRounds "9"]
[EventCountry "SRB"]
[SourceTitle "CB07_2024"]
[SourceDate "2024.02.14"]
[SourceVersion "1"]
[SourceVersionDate "2024.02.14"]
[SourceQuality "1"]

1. e4 e6 2. d4 d5 3. Nc3 Bb4 4. e5 c5 5. Bd2 Ne7 6. a3 Bxc3 7. Bxc3 Nbc6 8. Nf3 Qb6 9. dxc5 Qxc5 10. Qd2 b5 11. Bd3 Bd7 12. 0-0 a5 13. b4 Qb6 14. bxa5 Nxa5 15. Qg5 Ng6 16. Bb4 Qd8 17. Qg3 Nc6 18. Bd6 Nce7 19. h4 h5 20. Rfe1 Ra4 21. Bb4 Qb6 22. c3 Rh6 23. Nd4 Ra7 24. Qg5 Nc8 25. Bxg6 Rxg6 26. Qxh5 Rh6 27. Qg5 Rh7 28. Nf3 Rc7 29. Rad1 Rc4 30. Rd4 Qc7 31. Qf4 Rh6 32. Ng5 Bc6 33. Re3 f5 34. exf6 Qxf4 35. Rxe6+ Ne7 36. Rxe7+ Kd8 37. Ne6+ Kc8 38. Rxf4 1-0

[Event "EU-ch Rapid"]
[Site "Zagreb"]
[Date "2023.12.14"]
[Round "5"]
[White "Cabarkapa, Novak"]
[Black "Brunello, Sabino"]
[Result "1-0"]
[WhiteElo "2434"]
[BlackElo "2500"]
[PlyCount "61"]
[EventDate "2023.12.14"]
[EventType "swiss (rapid)"]
[EventRounds "11"]
[EventCountry "CRO"]
[SourceTitle "CB51_2023"]
[SourceDate "2023.12.20"]
[SourceVersion "1"]
[SourceVersionDate "2023.12.20"]
[SourceQuality "1"]

1. d4 Nf6 2. Nc3 d5 3. Bf4 e6 4. e3 a6 5. g4 b5 6. g5 Nfd7 7. Qf3 Bb7 8. Qg3 c5 9. Bc7 Qc8 10. Nf3 Nc6 11. a3 b4 12. axb4 Nxb4 13. Rc1 Bc6 14. h4 Ra7 15. Bf4 Nb6 16. Ne5 f6 17. Nxc6 Qxc6 18. Bg2 Nc4 19. 0-0 Nxb2 20. Rb1 cxd4 21. exd4 Nc4 22. Rfe1 Kf7 23. h5 fxg5 24. Bxg5 a5 25. Qf4+ Kg8 26. Bh3 e5 27. dxe5 Rf7 28. Qg3 Bc5 29. Re2 h6 30. Bh4 d4 31. Ne4 1-0

[Event "EU-ch Rapid"]
[Site "Zagreb"]
[Date "2023.12.14"]
[Round "4"]
[White "Jobava, Baadur"]
[Black "Cabarkapa, Novak"]
[Result "1/2-1/2"]
[WhiteElo "2591"]
[BlackElo "2434"]
[PlyCount "118"]
[EventDate "2023.12.14"]
[EventType "swiss (rapid)"]
[EventRounds "11"]
[EventCountry "CRO"]
[SourceTitle "CB51_2023"]
[SourceDate "2023.12.20"]
[SourceVersion "1"]
[SourceVersionDate "2023.12.20"]
[SourceQuality "1"]

1. e4 c5 2. c3 Nf6 3. e5 Nd5 4. g3 d6 5. exd6 Qxd6 6. Bg2 Nc6 7. Ne2 Bf5 8. d4 e6 9. 0-0 Be7 10. Na3 0-0 11. c4 Ndb4 12. Bf4 Qd7 13. d5 exd5 14. cxd5 Na5 15. Qd2 Rad8 16. Nc3 b6 17. Rfd1 Bf6 18. Bg5 Bxg5 19. Qxg5 h6 20. Qd2 Bh3 21. b3 Bxg2 22. Kxg2 Nac6 23. Nc4 Nd4 24. Ne3 Qb7 25. f3 f5 26. a3 Na6 27. Rab1 f4 28. Nc2 fxg3 29. Nxd4 cxd4 30. Qxd4 gxh2 31. Re1 Qf7 32. Re3 Qg6+ 33. Kh1 Nc5 34. b4 Nd7 35. Qe4 Qh5 36. Qe6+ Kh8 37. Qg4 Qxg4 38. fxg4 Nf6 39. g5 Ng4 40. Rg3 h5 41. Re1 Rde8 42. Rc1 Rc8 43. d6 Rfd8 44. Rf1 Rxd6 45. Ne4 Rdc6 46. Rh3 g6 47. Nf6 Rc1 48. Rhf3 Rxf1+ 49. Rxf1 Rf8 50. Rc1 Nxf6 51. gxf6 Rxf6 52. Rc7 Rf2 53. Rxa7 g5 54. Rd7 Rf5 55. a4 Rf4 56. a5 bxa5 57. bxa5 Ra4 58. Rd5 g4 59. Rxh5+ Kg7 1/2-1/2

[Event "CRO-chT1A 31st"]
[Site "Veli Losinj"]
[Date "2023.10.11"]
[Round "1.2"]
[White "Cabarkapa, Novak"]
[Black "Stevic, Hrvoje"]
[Result "0-1"]
[WhiteElo "2438"]
[BlackElo "2549"]
[PlyCount "64"]
[EventDate "2023.10.11"]
[EventType "team-tourn"]
[EventRounds "7"]
[EventCountry "CRO"]
[SourceTitle "Mega2024 Update 01"]
[Source "Chessbase"]
[SourceDate "2023.11.12"]
[SourceVersion "1"]
[SourceVersionDate "2023.11.12"]
[SourceQuality "1"]
[WhiteTeam "Sveta Nedelja"]
[BlackTeam "Zagreb Zagreb"]
[WhiteTeamCountry "CRO"]
[BlackTeamCountry "CRO"]

1. d4 d5 2. Nc3 Nf6 3. Bf4 c5 4. e3 cxd4 5. exd4 Bg4 6. Be2 Bxe2 7. Qxe2 a6 8. g4 Nc6 9. 0-0-0 e6 10. g5 Ng8 11. Qf3 Nge7 12. Nge2 Nf5 13. h4 Qa5 14. h5 0-0-0 15. a3 Bd6 16. Bxd6 Rxd6 17. Kb1 Kb8 18. Na2 Qc7 19. Nac1 Na5 20. Nb3 Nxb3 21. Qxb3 Rb6 22. Qa4 Nd6 23. Nc1 Ne4 24. Nb3 Nxf2 25. Nc5 Ka7 26. Rhf1 Nxd1 27. Rxd1 Rb5 28. Rf1 e5 29. Nd3 e4 30. Ne5 f6 31. gxf6 gxf6 32. Rxf6 Rc8 0-1

[Event "Titled Tuesday intern op 04th Jul Early"]
[Site "Chess.com INT"]
[Date "2023.07.04"]
[Round "6"]
[White "Nihal, Sarin"]
[Black "Cabarkapa, Novak"]
[Result "1-0"]
[WhiteElo "2688"]
[BlackElo "2438"]
[PlyCount "57"]
[EventDate "2023.07.04"]
[EventType "swiss (blitz)"]
[EventRounds "11"]
[EventCountry "USA"]
[SourceTitle "EXT 2024"]
[Source "ChessBase"]
[SourceDate "2023.10.10"]
[SourceVersion "1"]
[SourceVersionDate "2023.10.10"]
[SourceQuality "1"]

1. e4 e6 2. d4 d5 3. Nd2 c5 4. Ngf3 cxd4 5. Nxd4 Nc6 6. Bb5 Bd7 7. Nxc6 Bxc6 8. Bxc6+ bxc6 9. 0-0 Bc5 10. Qg4 Nf6 11. Qxg7 Rg8 12. Qh6 dxe4 13. Nb3 Bxf2+ 14. Rxf2 Qd1+ 15. Rf1 Qg4 16. g3 Nh5 17. Bf4 Rg6 18. Qxh7 Nxf4 19. Qh8+ Ke7 20. Qxa8 Ne2+ 21. Kg2 f5 22. Qxa7+ Kf6 23. Qe3 f4 24. Qxe4 e5 25. Rae1 Rh6 26. Rxe2 Rxh2+ 27. Kxh2 Qxg3+ 28. Kh1 Qh3+ 29. Kg1 1-0

[Event "EU-ch 23rd"]
[Site "Vrnjacka Banja"]
[Date "2023.03.09"]
[Round "7"]
[White "Cabarkapa, Novak"]
[Black "Averin, Nikolay"]
[Result "1/2-1/2"]
[WhiteElo "2458"]
[BlackElo "2296"]
[PlyCount "94"]
[EventDate "2023.03.03"]
[EventType "swiss"]
[EventRounds "11"]
[EventCountry "SRB"]
[SourceTitle "CBM 213"]
[Source "ChessBase"]
[SourceDate "2023.04.30"]
[SourceVersion "1"]
[SourceVersionDate "2023.04.30"]
[SourceQuality "1"]

1. d4 d5 2. Nf3 Nf6 3. c3 e6 4. Bg5 c5 5. e3 Nc6 6. Nbd2 h6 7. Bh4 Be7 8. Bd3 b6 9. 0-0 Bb7 10. Ne5 0-0 11. f4 Ne8 12. Nxc6 Bxc6 13. Bxe7 Qxe7 14. Rc1 Nd6 15. Bb1 Rfc8 16. Nf3 Bb5 17. Re1 f5 18. Ne5 Nf7 19. Kh1 Nxe5 20. fxe5 Qg5 21. Qf3 Be8 22. Rg1 Bh5 23. Qf4 Qxf4 24. exf4 cxd4 25. cxd4 g5 26. fxg5 hxg5 27. Bd3 a6 28. h3 Be8 29. g4 f4 30. h4 gxh4 31. Kg2 Bb5 32. Bxb5 axb5 33. Kf3 Kg7 34. Kxf4 Kg6 35. Rh1 Rc4 36. Rxc4 bxc4 37. Rxh4 Rxa2 38. g5 Rxb2 39. Rh6+ Kf7 40. Rh7+ Kf8 41. Rh6 Ke7 42. Rh7+ Ke8 43. Rh8+ Kd7 44. Rh7+ Ke8 45. Rh8+ Kf7 46. Rh7+ Kf8 47. Rh6 Ke7 1/2-1/2

[Event "EU-ch 23rd"]
[Site "Vrnjacka Banja"]
[Date "2023.03.07"]
[Round "5"]
[White "Cabarkapa, Novak"]
[Black "Skvortsov, Andrei"]
[Result "1/2-1/2"]
[WhiteElo "2458"]
[BlackElo "2298"]
[PlyCount "102"]
[EventDate "2023.03.03"]
[EventType "swiss"]
[EventRounds "11"]
[EventCountry "SRB"]
[SourceTitle "CBM 213"]
[Source "ChessBase"]
[SourceDate "2023.04.30"]
[SourceVersion "1"]
[SourceVersionDate "2023.04.30"]
[SourceQuality "1"]

1. b3 d5 2. Bb2 Bf5 3. d3 e6 4. Nd2 Nf6 5. g3 c5 6. Bg2 Nc6 7. e4 dxe4 8. dxe4 Bg4 9. f3 Bh5 10. Ne2 e5 11. h4 Bg6 12. Nc4 Qc7 13. Ne3 Rd8 14. Qc1 Nd4 15. g4 h6 16. c3 Ne6 17. c4 Nd4 18. Nc3 Bd6 19. Qd2 a6 20. 0-0 Qc8 21. Qf2 Ne6 22. Rad1 Nf4 23. Ne2 Nxg2 24. Qxg2 0-0 25. Ng3 Bb8 26. Ngf5 Qe6 27. Nd5 Kh8 28. Qf2 b6 29. Qe3 Ng8 30. Rd2 f6 31. Rfd1 Rd7 32. h5 Bf7 33. a3 Rfd8 34. Kg2 Qc6 35. Rd3 Be8 36. Bc3 Bd6 37. Be1 Bf8 38. Bh4 b5 39. Qc1 Bf7 40. Bf2 Be6 41. R1d2 Kh7 42. Qd1 bxc4 43. bxc4 Rb8 44. Nh4 Rdb7 45. Ne3 Be7 46. Qc2 Bf7 47. Nhf5 Bf8 48. Nd5 Kh8 49. Nde3 Kh7 50. Rd8 Ne7 51. R8d6 Qc8 1/2-1/2

[Event "EU-ch 23rd"]
[Site "Vrnjacka Banja"]
[Date "2023.03.04"]
[Round "2"]
[White "Ponomariov, Ruslan"]
[Black "Cabarkapa, Novak"]
[Result "1-0"]
[WhiteElo "2655"]
[BlackElo "2458"]
[PlyCount "55"]
[EventDate "2023.03.03"]
[EventType "swiss"]
[EventRounds "11"]
[EventCountry "SRB"]
[SourceTitle "CBM 213"]
[Source "ChessBase"]
[SourceDate "2023.04.30"]
[SourceVersion "1"]
[SourceVersionDate "2023.04.30"]
[SourceQuality "1"]

1. e4 e5 2. Nf3 Nc6 3. Bc4 d6 4. Nc3 Be7 5. d4 Nf6 6. d5 Nb8 7. h3 Nbd7 8. Be3 0-0 9. 0-0 c6 10. a4 Nb6 11. Bb3 a5 12. Qd3 Ra6 13. Nd2 cxd5 14. Bxb6 Qxb6 15. Nxd5 Nxd5 16. Bxd5 Bg5 17. Nc4 Qd8 18. c3 Kh8 19. b4 axb4 20. cxb4 f5 21. b5 Ra7 22. exf5 Bxf5 23. Qa3 b6 24. a5 bxa5 25. b6 Ra6 26. Qb3 Qd7 27. Rxa5 Rxa5 28. Nxa5 1-0

[Event "EU-ch 23rd"]
[Site "Vrnjacka Banja"]
[Date "2023.03.03"]
[Round "1"]
[White "Cabarkapa, Novak"]
[Black "Pogorelskikh, Sofia"]
[Result "1-0"]
[WhiteElo "2458"]
[BlackElo "2102"]
[PlyCount "79"]
[EventDate "2023.03.03"]
[EventType "swiss"]
[EventRounds "11"]
[EventCountry "SRB"]
[SourceTitle "CBM 213"]
[Source "ChessBase"]
[SourceDate "2023.04.30"]
[SourceVersion "1"]
[SourceVersionDate "2023.04.30"]
[SourceQuality "1"]

1. Nf3 d5 2. g3 Nd7 3. d4 Nb6 4. Nbd2 Nf6 5. Bg2 h6 6. c4 c6 7. cxd5 cxd5 8. a4 Bf5 9. Qb3 Rb8 10. a5 Nbd7 11. Nf1 b6 12. Bf4 Rc8 13. a6 e6 14. Ne3 Be4 15. Nd1 g5 16. Be3 Bc2 17. Qa2 Bb4+ 18. Bd2 Qe7 19. 0-0 g4 20. Bxb4 Qxb4 21. Ne1 Bb3 22. Nd3 Bxa2 23. Nxb4 Bb3 24. Nc3 Rc4 25. Nd3 Bc2 26. Nb5 Ke7 27. Ra3 Ba4 28. b3 Bxb5 29. bxc4 Bxc4 30. Nb4 Kd6 31. Re1 Rb8 32. f3 Ke7 33. fxg4 Nxg4 34. e4 dxe4 35. Rxe4 f5 36. Rf4 Rf8 37. d5 b5 38. dxe6 Kxe6 39. Nc2 Rd8 40. Ra1 1-0

[Event "Titled Tuesday intern op 24th Jan Late"]
[Site "Chess.com INT"]
[Date "2023.01.24"]
[Round "3"]
[White "Cabarkapa, Novak"]
[Black "Deac, Bogdan Daniel"]
[Result "0-1"]
[WhiteElo "2458"]
[BlackElo "2700"]
[PlyCount "43"]
[EventDate "2023.01.24"]
[EventType "swiss (blitz)"]
[EventRounds "11"]
[EventCountry "USA"]
[SourceTitle "EXT 2024"]
[Source "ChessBase"]
[SourceDate "2023.10.10"]
[SourceVersion "1"]
[SourceVersionDate "2023.10.10"]
[SourceQuality "1"]

1. e4 c6 2. d4 d5 3. f3 g6 4. c3 Bg7 5. Na3 e5 6. dxe5 Bxe5 7. exd5 cxd5 8. Qe2 Qe7 9. f4 Bg7 10. Nb5 Kd8 11. Be3 Nc6 12. 0-0-0 Nf6 13. Qf2 Ng4 14. Bb6+ Ke8 15. Qg3 axb6 16. Re1 Be6 17. f5 gxf5 18. Nc7+ Kd7 19. Nxa8 Rxa8 20. Kb1 d4 21. c4 Qb4 22. Bd3 0-1

[Event "Titled Tuesday intern op 24th Jan Late"]
[Site "Chess.com INT"]
[Date "2023.01.24"]
[Round "1"]
[White "Silva, Miguel Antonio Neto"]
[Black "Cabarkapa, Novak"]
[Result "0-1"]
[WhiteElo "2213"]
[BlackElo "2458"]
[PlyCount "68"]
[EventDate "2023.01.24"]
[EventType "swiss (blitz)"]
[EventRounds "11"]
[EventCountry "USA"]
[SourceTitle "EXT 2024"]
[Source "ChessBase"]
[SourceDate "2023.10.10"]
[SourceVersion "1"]
[SourceVersionDate "2023.10.10"]
[SourceQuality "1"]

1. Nf3 b6 2. g3 Bb7 3. Bg2 e6 4. 0-0 Be7 5. c4 h5 6. d4 g5 7. d5 g4 8. Nd4 Qc8 9. Nc3 a6 10. e4 c5 11. Nc2 d6 12. Bf4 e5 13. Bd2 Nd7 14. Ne3 Ndf6 15. Nf5 Qc7 16. Qe2 Bc8 17. Nxe7 Nxe7 18. a3 Ng6 19. Rac1 h4 20. Nd1 Bd7 21. Ne3 0-0-0 22. b4 Nf4 23. gxf4 exf4 24. Nf5 Bxf5 25. exf5 Rde8 26. Qd3 f3 27. Bh1 Ne4 28. Rfe1 Qe7 29. Bf4 g3 30. Rxe4 Qxe4 31. Qxf3 Qd4 32. bxc5 gxf2+ 33. Qxf2 Rhg8+ 34. Kf1 Qd3+ 0-1

[Event "Titled Tuesday intern op 20th Dec Late"]
[Site "Chess.com INT"]
[Date "2022.12.20"]
[Round "2"]
[White "Cabarkapa, Novak"]
[Black "Renjith, Sravan"]
[Result "0-1"]
[WhiteElo "2458"]
[BlackElo "2172"]
[PlyCount "108"]
[EventDate "2022.12.20"]
[EventType "swiss (blitz)"]
[EventRounds "11"]
[EventCountry "USA"]
[SourceTitle "EXT 2024"]
[Source "ChessBase"]
[SourceDate "2023.10.10"]
[SourceVersion "1"]
[SourceVersionDate "2023.10.10"]
[SourceQuality "1"]

1. e4 e5 2. Nf3 Nf6 3. Nc3 Nc6 4. d4 exd4 5. Nxd4 Bb4 6. Nxc6 bxc6 7. Bd3 0-0 8. 0-0 d5 9. exd5 cxd5 10. h3 c6 11. Qf3 h6 12. Bf4 Be6 13. Rfe1 c5 14. Red1 Rc8 15. a3 Ba5 16. Nb5 Qd7 17. c4 a6 18. Nc3 d4 19. Ne2 Qe7 20. g4 Bc7 21. Ng3 Nd7 22. Bxc7 Rxc7 23. Re1 Qf6 24. Qe4 g6 25. Nh5 Qg5 26. Nf4 Re8 27. Qf3 Ne5 28. Qg3 Rce7 29. Bf1 Bc8 30. Bg2 Nxc4 31. Rxe7 Qxe7 32. Bd5 Nd6 33. Nxg6 Qf6 34. Nf4 Qe5 35. Bg2 c4 36. Qf3 d3 37. Nh5 Re6 38. Qc6 Bb7 39. Qc7 Bxg2 40. Kxg2 Qd5+ 41. Kg1 d2 42. Qd8+ Kh7 43. Rd1 Re1+ 44. Kh2 Qh1+ 45. Kg3 Qg1+ 46. Kf3 Qh1+ 47. Kg3 Rg1+ 48. Kh4 Nf5+ 49. gxf5 Qe4+ 50. f4 Qe1+ 51. Ng3 Qxg3+ 52. Kh5 Qxh3+ 53. Qh4 Qf3+ 54. Qg4 Qxg4# 0-1

[Event "Titled Tuesday intern op 20th Dec Late"]
[Site "Chess.com INT"]
[Date "2022.12.20"]
[Round "1"]
[White "Sztokbant, Bernardo Vainzoff"]
[Black "Cabarkapa, Novak"]
[Result "0-1"]
[WhiteElo "2213"]
[BlackElo "2458"]
[PlyCount "68"]
[EventDate "2022.12.20"]
[EventType "swiss (blitz)"]
[EventRounds "11"]
[EventCountry "USA"]
[SourceTitle "EXT 2024"]
[Source "ChessBase"]
[SourceDate "2023.10.10"]
[SourceVersion "1"]
[SourceVersionDate "2023.10.10"]
[SourceQuality "1"]

1. d3 d5 2. Nf3 Nc6 3. g3 e5 4. Bg2 Be6 5. 0-0 f6 6. Nbd2 Qd7 7. c4 Nge7 8. cxd5 Nxd5 9. a3 Bh3 10. Qc2 h5 11. b4 h4 12. Nb3 Bxg2 13. Kxg2 hxg3 14. fxg3 Qh3+ 15. Kf2 g5 16. b5 Nce7 17. e4 g4 18. exd5 gxf3 19. Ke1 Nxd5 20. Rxf3 0-0-0 21. Rf2 Bb4+ 22. axb4 Nxb4 23. Qe2 Nxd3+ 24. Qxd3 Rxd3 25. Nc5 Rd5 26. Be3 b6 27. Ne4 Qg4 28. Nxf6 Qb4+ 29. Kf1 Rd3 30. Rxa7 Qxb5 31. Kg1 Rd1+ 32. Kg2 Qc6+ 33. Rf3 Rxh2+ 34. Kxh2 Qxf3 0-1

[Event "Titled Tuesday intern op 08th Nov Late"]
[Site "Chess.com INT"]
[Date "2022.11.08"]
[Round "1"]
[White "Cabarkapa, Novak"]
[Black "Dudzinski, Pawel"]
[Result "1-0"]
[WhiteElo "2458"]
[BlackElo "2186"]
[PlyCount "91"]
[EventDate "2022.11.08"]
[EventType "swiss (blitz)"]
[EventRounds "11"]
[EventCountry "USA"]
[SourceTitle "EXT 2024"]
[Source "ChessBase"]
[SourceDate "2023.10.10"]
[SourceVersion "1"]
[SourceVersionDate "2023.10.10"]
[SourceQuality "1"]

1. e4 c6 2. Nc3 d5 3. Qe2 dxe4 4. Nxe4 Bf5 5. d3 Nf6 6. Nxf6+ gxf6 7. g3 e6 8. Bg2 Bc5 9. Nf3 Nd7 10. Nh4 Bg6 11. f4 Qe7 12. f5 exf5 13. Qxe7+ Kxe7 14. Bd2 f4 15. Bxf4 Bd6 16. Bxd6+ Kxd6 17. 0-0 Rhe8 18. Rae1 Re5 19. Nf3 Re7 20. Rxe7 Kxe7 21. Nd4 Ne5 22. Nb3 Rd8 23. Nc5 b6 24. Ne4 Bxe4 25. Bxe4 h6 26. Rf5 c5 27. Rh5 Rh8 28. Kg2 Kf8 29. c3 Kg7 30. d4 cxd4 31. cxd4 Nc4 32. b3 Nd6 33. Bf3 Rc8 34. Rd5 Rc2+ 35. Kh3 Rc3 36. Bg2 Nb7 37. Rd7 Na5 38. Bd5 Rc2 39. Rxf7+ Kg6 40. Rxa7 Rxa2 41. b4 Rd2 42. bxa5 Rxd4 43. Bf7+ Kg5 44. axb6 Rb4 45. b7 Rxb7 46. Rxb7 1-0

[Event "Titled Tuesday intern op 08th Nov Late"]
[Site "Chess.com INT"]
[Date "2022.11.08"]
[Round "5"]
[White "Postnikov, Daniil"]
[Black "Cabarkapa, Novak"]
[Result "0-1"]
[WhiteElo "2360"]
[BlackElo "2458"]
[PlyCount "132"]
[EventDate "2022.11.08"]
[EventType "swiss (blitz)"]
[EventRounds "11"]
[EventCountry "USA"]
[SourceTitle "EXT 2024"]
[Source "ChessBase"]
[SourceDate "2023.10.10"]
[SourceVersion "1"]
[SourceVersionDate "2023.10.10"]
[SourceQuality "1"]

1. e4 d5 2. exd5 Qxd5 3. Nc3 Qd6 4. d4 Nf6 5. Bd3 g6 6. Nge2 Bg7 7. Bf4 Qd8 8. 0-0 0-0 9. Qd2 b6 10. Ne4 Bb7 11. Nxf6+ Bxf6 12. c3 c5 13. Bh6 Re8 14. dxc5 bxc5 15. Rad1 Qc7 16. Nf4 c4 17. Be2 e6 18. Qe3 Nd7 19. Qg3 Be5 20. Qh4 Nf6 21. Rfe1 Ne4 22. Bf3 f5 23. g3 Bf6 24. Qh3 Rad8 25. Rxd8 Qxd8 26. Rd1 Qb6 27. Rd7 Qxf2+ 28. Kh1 Qxf3+ 29. Qg2 Qxg2+ 30. Nxg2 Nc5 31. Rc7 Rd8 32. Kg1 Rd1+ 33. Kf2 Nd3+ 34. Ke2 Bf3+ 35. Kxf3 Rf1+ 36. Ke3 g5 37. h4 Rf2 38. hxg5 Be5 39. Nf4 Bxc7 40. Nxe6 Bb6+ 41. Nd4 Rxb2 42. Kf3 Bxd4 43. cxd4 c3 44. g4 c2 45. g6 c1Q 46. Bxc1 Nxc1 47. gxf5 hxg6 48. fxg6 Kg7 49. Ke4 Kxg6 50. Kd5 Rxa2 51. Kc6 Rd2 52. d5 a5 53. d6 a4 54. d7 Rxd7 55. Kxd7 a3 56. Kc6 a2 57. Kb5 a1Q 58. Kc4 Ne2 59. Kb3 Qc3+ 60. Ka2 Qb4 61. Ka1 Kg5 62. Ka2 Kh4 63. Ka1 Kh3 64. Ka2 Kh2 65. Ka1 Kh1 66. Ka2 Kg1 0-1

[Event "Titled Tuesday intern op 11th Oct Late"]
[Site "Chess.com INT"]
[Date "2022.10.11"]
[Round "1"]
[White "Cabarkapa, Novak"]
[Black "Meduri, Aakaash"]
[Result "1-0"]
[WhiteElo "2433"]
[BlackElo "2057"]
[PlyCount "59"]
[EventDate "2022.10.11"]
[EventType "swiss (blitz)"]
[EventRounds "11"]
[EventCountry "USA"]
[SourceTitle "EXT 2024"]
[Source "ChessBase"]
[SourceDate "2023.10.10"]
[SourceVersion "1"]
[SourceVersionDate "2023.10.10"]
[SourceQuality "1"]

1. e4 c5 2. a3 d5 3. exd5 Qxd5 4. Nc3 Qe6+ 5. Be2 Nc6 6. Nf3 a6 7. 0-0 g6 8. d4 cxd4 9. Nxd4 Nxd4 10. Qxd4 Nf6 11. Rd1 Bd7 12. Bc4 Qg4 13. Qxg4 Bxg4 14. Re1 Rc8 15. Nd5 Nxd5 16. Bxd5 Rxc2 17. Bxb7 Bg7 18. Bxa6 0-0 19. Rxe7 Rd8 20. h3 Rd1+ 21. Kh2 Bf8 22. Re8 Bd7 23. Rxf8+ Kxf8 24. Bh6+ Ke7 25. Rxd1 Rxf2 26. Rd2 Rf5 27. Be3 Bc6 28. b4 Re5 29. Bd4 Re1 30. b5 1-0

[Event "SRB-chT 1st League CS"]
[Site "Banja Vrujci"]
[Date "2022.10.06"]
[Round "8.3"]
[White "Cabarkapa, Novak"]
[Black "Dizdarevic, Emir"]
[Result "1-0"]
[WhiteElo "2433"]
[BlackElo "2378"]
[PlyCount "69"]
[EventDate "2022.10.01"]
[EventType "team-tourn"]
[EventRounds "11"]
[EventCountry "SRB"]
[SourceTitle "CBM 210 Extra"]
[Source "ChessBase"]
[SourceDate "2022.11.30"]
[SourceVersion "1"]
[SourceVersionDate "2022.11.30"]
[SourceQuality "1"]
[WhiteTeam "Kragujevac Radnicki"]
[BlackTeam "Kraljevo Sloga"]
[WhiteTeamCountry "SRB"]
[BlackTeamCountry "SRB"]

1. e4 c6 2. d4 d5 3. f3 e6 4. Nc3 Bb4 5. Bd2 Ne7 6. a3 Ba5 7. Bd3 Bb6 8. Nge2 c5 9. dxc5 Bxc5 10. b4 Bb6 11. Na4 Bc7 12. 0-0 Nbc6 13. f4 0-0 14. e5 Bd7 15. Nc5 Bb6 16. Kh1 Bxc5 17. bxc5 Qc7 18. Rf3 f6 19. exf6 Rxf6 20. Bc3 Rf7 21. Qe1 h6 22. Qh4 d4 23. Nxd4 Nxd4 24. Bxd4 Nf5 25. Bxf5 exf5 26. Rg3 Qc6 27. Rd1 Re8 28. Bxg7 Rxg7 29. Rxg7+ Kxg7 30. Rd6 Qxd6 31. cxd6 Bc6 32. Qf2 Kf7 33. Kg1 Re4 34. Qh4 Re6 35. Qh5+ 1-0

[Event "CRO-chT1B 30th"]
[Site "Porec"]
[Date "2022.10.02"]
[Round "9.43"]
[White "Cabarkapa, Novak"]
[Black "Bukal, Vladimir Jr"]
[Result "1-0"]
[WhiteElo "2433"]
[BlackElo "2411"]
[PlyCount "91"]
[EventDate "2022.09.24"]
[EventType "team-tourn"]
[EventRounds "9"]
[EventCountry "CRO"]
[SourceTitle "CBM 210 Extra"]
[Source "ChessBase"]
[SourceDate "2022.11.30"]
[SourceVersion "1"]
[SourceVersionDate "2022.11.30"]
[SourceQuality "1"]
[WhiteTeam "Sveta Nedelja"]
[BlackTeam "Zagreb Mladost"]
[WhiteTeamCountry "CRO"]
[BlackTeamCountry "CRO"]

1. e4 c5 2. Nf3 a6 3. c3 d5 4. exd5 Nf6 5. d4 cxd4 6. Qa4+ Qd7 7. Qxd7+ Nbxd7 8. c4 b5 9. cxb5 Nxd5 10. Nxd4 e5 11. Nc2 Nc5 12. bxa6 Bxa6 13. Bxa6 Rxa6 14. Ke2 e4 15. Rd1 Nd3 16. Nc3 Nxc3+ 17. bxc3 Rc6 18. Bd2 Bc5 19. Nb4 Rg6 20. Nxd3 exd3+ 21. Kf1 Rf6 22. f3 Rd6 23. Bf4 Rd8 24. Rab1 0-0 25. Rb5 Ba7 26. c4 Rc8 27. Bd6 Rfd8 28. c5 f6 29. a4 Rd7 30. Ke1 h5 31. Kd2 Rc6 32. Rdb1 Kh7 33. a5 h4 34. R1b4 h3 35. gxh3 Kg6 36. Rb3 Rd8 37. Rxd3 Rh8 38. Rc3 Rh5 39. Kc2 Rxd6 40. cxd6 Rxb5 41. d7 Rd5 42. Rc7 Bg1 43. a6 Bxh2 44. a7 Bxc7 45. a8Q Rxd7 46. Qe8+ 1-0

[Event "CRO-chT1B 30th"]
[Site "Porec"]
[Date "2022.09.29"]
[Round "6.13"]
[White "Petrov, Jole"]
[Black "Cabarkapa, Novak"]
[Result "1/2-1/2"]
[WhiteElo "2370"]
[BlackElo "2433"]
[PlyCount "30"]
[EventDate "2022.09.24"]
[EventType "team-tourn"]
[EventRounds "9"]
[EventCountry "CRO"]
[SourceTitle "CBM 210 Extra"]
[Source "ChessBase"]
[SourceDate "2022.11.30"]
[SourceVersion "1"]
[SourceVersionDate "2022.11.30"]
[SourceQuality "1"]
[WhiteTeam "Rijeka Rijeka"]
[BlackTeam "Sveta Nedelja"]
[WhiteTeamCountry "CRO"]
[BlackTeamCountry "CRO"]

1. Nf3 Nf6 2. g3 g6 3. Bg2 Bg7 4. 0-0 0-0 5. c4 d6 6. d4 c6 7. Nc3 Bf5 8. b3 Ne4 9. Bb2 Nxc3 10. Bxc3 Be4 11. e3 e6 12. Qe2 d5 13. Rfc1 Nd7 14. Bf1 Bxf3 15. Qxf3 Nb6 1/2-1/2